000 00795nam a22002177a 4500
999 _c13130
_d13130
003 AR-CdUCM
008 190411b ||||| |||| 00| 0 spa d
040 _aMUNICIPALIDAD PROVINCIAL DEL CUSCO
_cBIBLIOTECA MUNICIPAL DEL CUSCO
082 _a343.332 /
_bM798 / 1960
_23ed.
100 _aMontoya Manfredi, Ulises
_927490
245 _aLey orgánica del Poder Judicial /
260 _aLima :
_bA.M.S.A.,
_c1960.
300 _a55 páginas ;
_c22 cm.
505 _aContenido: Jueces: Nombramiento y requisitos -- Derechos y obligaciones de los jueces -- Tratamiento. Honores. Antigüedad -- Uniforme. Asistencia ...
650 _aPoder judicial
_96955
650 _aLegislación
_92962
650 _aPerú
_935
650 _aReglamentos
_98910
942 _2ddc
_cLIBROS
945 _acmm
_d2019-04-11